000 00615nam a2200241Ia 4500
003 OSt
005 20220918214220.0
006 a|||||r|||| 00| 0
007 ta
008 220917b |||||||| |||| 00| 0 eng d
024 _a136,356
037 _cTextual
040 _aARTS
_cARTS
_beng
041 _2eng
_aeng
082 _aX8.42.N7, L6
100 _aCaves Richard E
245 0 _aIndustruial organization in Japan
260 _c1976
650 _aECONOMICS
700 _a Uekusa Masu
_9130285
942 _hX8.42.N7, L6
_cTEXL
_2CC
999 _c259446
_d259446